Statistics for Every 100k+ cities in Peru on a map

Click here to take the quiz!

General Stats

  • This quiz has been taken 68 times
  • The average score is 13 of 24

Answers on the Map

Answers color-coded by a green-red scale on the quiz's map according to % correct below.
 

Answer Stats

HintAnswer% Correct
8,838,102Lima
100%
1,081,900Arequipa
91%
986,800Trujillo
89%
477,300Cusco
86%
422,900Iquitos
77%
310,600Ica
66%
522,400Piura
66%
994,494Callao
63%
651,100Chiclayo
60%
441,400Huancayo
60%
137,800Puno
57%
321,700Tacna
57%
235,200Ayacucho
51%
386,100Chimbote
49%
308,400Juliaca
46%
380,000Pucallpa
46%
107,500Tumbes
46%
214,800Huanuco
43%
223,900Cajamarca
37%
129,100Huaraz
34%
162,700Tarapoto
31%
165,900Huacho
29%
204,200Sullana
29%
210,500Chincha Alta
26%

Score Distribution

Percentile by Number Answered

Percent of People with Each Score

Your Score History

You have not taken this quiz